000 00628nam a2200229Ia 4500
003 OSt
005 20220928102254.0
006 a|||||r|||| 00| 0
007 ta
008 220927b |||||||| |||| 00| 0 eng d
024 _a47546
037 _cTextual
040 _aSDCL
_cSDCL
_beng
041 _2eng
_aeng
082 _aV3:197913(zM)'N82, M2
100 _aPerrett Bryan
_9397556
245 0 _aWeapons of the Falklands conflict
260 _aNew York
_b Blandford Press
_c1982
300 _a152p
_ccm.
942 _hV3:197913(zM)'N82, M2
_cTEXL
_2CC
999 _c713362
_d713362